000 00389 a2200121 4500
001 ART_12302
005 20260410161905.0
008 260409a
245 1 0 _aThe demand for deductibles in private health insurance
100 1 _aVan Praag, Bernard
700 1 _avan de Ven, Wynand P. M. M.
773 0 _tJournal of econometrics
_g- Vol. 17, NÂș 2 (nov. 1981)
_wREV11720
999 _c26250
_d26250